ბათუმის შოთა რუსთაველის სახელმწიფო უნივერსიტეტის ბიბლიოთეკა

იბერიულ-კავკასიური ენათმეცნიერება XVIII = иберийско-кавказкое языкознание=IVERO-CAUCASIA (ბიბ.ჩანაწერი № 52407)

000 -LEADER
fixed length control field 01183nam a2200217Ia 4500
001 - CONTROL NUMBER
control field 19427
003 - CONTROL NUMBER IDENTIFIER
control field GE_BSU
008 - FIXED-LENGTH DATA ELEMENTS--GENERAL INFORMATION
fixed length control field 181216s||||||||xx |||||||||||||| ||und||
040 ## - CATALOGING SOURCE
Transcribing agency GE_BSU
245 ## - TITLE STATEMENT
Title იბერიულ-კავკასიური ენათმეცნიერება XVIII = иберийско-кавказкое языкознание=IVERO-CAUCASIA
245 ## - TITLE STATEMENT
Statement of responsibility, etc. სარედ კოლ:ივ.გიგინეიშვილი,გ.თოფურია და სხვ;რედ:თ.შარაშენიძე
260 ## - PUBLICATION, DISTRIBUTION, ETC.
Place of publication, distribution, etc. თბილისი
260 ## - PUBLICATION, DISTRIBUTION, ETC.
Name of publisher, distributor, etc. მეცნიერება
260 ## - PUBLICATION, DISTRIBUTION, ETC.
Date of publication, distribution, etc. 1973
300 ## - PHYSICAL DESCRIPTION
Extent 442გვ;24სმ.
653 ## - INDEX TERM--UNCONTROLLED
Uncontrolled term ენათმეცნიერება
653 ## - INDEX TERM--UNCONTROLLED
Uncontrolled term ეძღვნება არლონდ ჩიქობავას დაბადების სამოცდათხუთმეტი წლისა და სამეცნიერო და პედაგოგიური მოღვაწეობის ორმოცდაათი წლისთავს.
653 ## - INDEX TERM--UNCONTROLLED
Uncontrolled term ქართული ენა
942 ## - ADDED ENTRY ELEMENTS (KOHA)
Koha item type წიგნი
ეგზემპლარები
Withdrawn status Lost status Damaged status Not for loan Date acquired Barcode Date last seen Price effective from Koha item type
        2018-12-17 48364 2018-12-17 2018-12-17 წიგნი